BIOGRAPHY OF SARDAR VALLABHBHAI PATEL (Record no. 187931)

MARC details
000 -LEADER
fixed length control field 00509nam a22001697a 4500
005 - DATE AND TIME OF LATEST TRANSACTION
control field 20220505132201.0
010 ## - LCCN (DPL NO)
LC control number B-680734
020 ## - INTERNATIONAL STANDARD BOOK NUMBER
International Standard Book Number 9788178846620
Terms of availability 800.00
035 ## - SYSTEM CONTROL NUMBER
System control number B-680734
082 ## - DEWEY DECIMAL CLASSIFICATION NUMBER
Classification number 920-PAT
100 ## - MAIN ENTRY--PERSONAL NAME
Personal name PABLA, A.S.
245 ## - TITLE STATEMENT
Title BIOGRAPHY OF SARDAR VALLABHBHAI PATEL
Statement of responsibility, etc By A.S. PABLA
260 ## - PUBLICATION, DISTRIBUTION, ETC. (IMPRINT)
Place of publication, distribution, etc New Delhi
Name of publisher, distributor, etc CYBER TECH PUBLICATIONS
270 ## - ADDRESS
Address 4264/3 ANSARI ROAD, DARYAGANJ, NEW DELHI-110002
300 ## - PHYSICAL DESCRIPTION
Extent 272p.
942 ## - ADDED ENTRY ELEMENTS (KOHA)
Source of classification or shelving scheme Dewey Decimal Classification
Item type English Books
Edition FIRST EDITION 2010
Classification part 920
Call number suffix PAT
Holdings
Withdrawn status Lost status Not for loan Home library Current library Date acquired Cost, normal purchase price Full call number Barcode Cost, replacement price Koha item type
      Sarojini Nagar Sarojini Nagar 05/05/2022 800.00 920 PAT B-680734 800.00 English Books

© Delhi Public Library
Hit Counter
free hit counter